00959 2200313 4500001002100000005001500021035002000036007000300056008004100059020002200100082001400122084001600136100003400152245007300186250003700259300004700296650001700343700003200360504003300392264004600425336002100471337003000492338002300522040002200545090002200567850001200589999002200601990002200623INLIS00000000089492120250410010712 a0010-0425000170ta250410s2024 yoia g 000 | ind d a978-623-09-9744-004223a387.2 a387.2 HER m0 aHerman Budi SasonoePengarang10aManajemen bongkar muat kapal /cHerman Budi Sasono, Tutut Susilowati aEdisi Pertama : Cetakan I, 2024 axiv, 176 halaman :bgambar, tabel ;c30 cm 4aKapal dagang0 aTutut SusilowatiePengarang aBibliografi: halaman 171-17331aYogyakarta :bEbukune Litera Media,c2024 2rdacontentateks 2rdamediaatanpa perantara 2rdacarrieravolume aYOPDYOGbinderda aCB-D.11 2024-5979 aYOPDYOG aCB-D.11/2024-5979 aCB-D.11/2024-5979